Annual review of anthropology / (Registro nro. 16691)

Detalles MARC
000 -CABECERA
Campo de control 01091cas a2200289 a 4500
005 - FECHA Y HORA DE LA ULTIMA TRANSACCION
Campo de control 20170424124341.0
008 - ELEMENTOS DE LONGITUD FIJA—INFORMACION GENERAL
Campo de control 061129c19729999cauar1p rnn 0 a0eng d
022 0# - ISSN
ISSN 0084-6570
040 ## - FUENTE DE CATALOGACIÓN
Agencia catalogadora original DLC
Agencia transcriptora DLC
Agencia Modificadora OCoLC
-- DLC
-- NST
-- OCoLC
-- NST
-- OCoLC
-- AIP
-- NSDP
-- NST
-- DLC
-- MH
-- MCM
-- DLC
-- GU
-- CU-S
-- InU
-- MCM
-- MH
-- OCoLC
-- GU
-- DNLM
-- DLC
-- OCoLC
-- NSDP
-- OCoLC
-- CO-BoPUJ
-- CO-BoIAVH
041 0# - IDIOMA
Código de idioma para texto/pista de sonido o título separado Inglés
044 ## - PAÍS DE PUBLICACIÓN
País de publicación Estados Unidos
090 ## - CLASIFICACIÓN LOCAL
Colección SE
245 00 - MENCION DE TITULO
Título Annual review of anthropology /
Mención de responsabilidad editor Bernard J. Siegel ; editor asicado Alan R. Beals
260 ## - PUBLICACION, DISTRIBUCION, ETC. (PIE DE IMPRENTA)
Lugar de publicación, distribución, etc. Palo Alto, California
Nombre del editor, distribuidor, etc. Annual Reviews
Fecha de publicación, distribución, etc. 1972-.
300 ## - DESCRIPCION FISICA
Dimensiones 23 x 16 cm.
310 ## - FRECUENCIA ACTUAL DE LA PUBLICACIÓN
Date of current publication frequency 1972-
Frecuencia actual de la publicación Anual
500 ## - NOTA GENERAL
Nota general Descripción basada en : Vol. 19 (1990).
504 ## - NOTA DE BIBLIOGRAFIA, ETC.
Nota de bibliografía Incluye referencias bibliográficas.
510 0# - CITATION/REFERENCES NOTE
Name of source Ebsco host
510 2# - CITATION/REFERENCES NOTE
Name of source JSTOR,
Coverage of source 1972-2000
510 2# - CITATION/REFERENCES NOTE
Name of source WilsonWeb,
Coverage of source 1994-2005.
650 26 - ASIENTO SECUNDARIO DE MATERIA - TERMINO TEMATICO
Término temático o nombre geográfico como elemento de entrada Antropología
Subdivisión de forma Publicaciones periódicas
9 (RLIN) 81078
650 26 - ASIENTO SECUNDARIO DE MATERIA - TERMINO TEMATICO
Término temático o nombre geográfico como elemento de entrada Ciencias sociales
Subdivisión de forma Publicaciones periódicas
9 (RLIN) 81079
700 1# - ASIENTO SECUNDARIO - NOMBRE PERSONAL
Nombre personal Siegel, Bernard J.
Término de relación editor
700 1# - ASIENTO SECUNDARIO - NOMBRE PERSONAL
Nombre personal Beals, Alan R.
Término de relación editor
942 ## - ELEMENTOS ADICIONALES (KOHA)
Sistema de clasificación Local
Tipo de ítem Periodica o revista
Existencias
Withdrawn status Lost status Sistema de Clasificación Damaged status No para préstamo Colección Fecha publicación (Año) Volumen revista Inventariado Ubicación Permanente Ubicación actual Fecha de adquisición Fuente de adquisición Precio Datos de publicación Seriada Total Checkouts Número topográfico Inventario / Código de Barras Date last seen Ejemplar Price effective from Forma de adquisición Tipo de material
    Local     Hemeroteca 1990 19 Inventariado 2017 Bogotá Bogotá 19/12/2002 Desconocido 100.00 Volumen 19 (1990)   SE 005883 25/03/2015 Ej. 1 25/03/2015 Donación Periodica o revista